000 00823nam a22002777a 4500
005 20140902111027.0
010 _aENG-110687
020 _a9789339205386
_c675.00
020 _a9339205383
_c675.00
035 _aEN-94219
037 _bDBAD/PUB
082 _a658.421
245 _aEntrepreneurship /
_cby Robert D. Hisrich...[et al]
250 _a9th ed
260 _aNew Delhi
_bMcGraw Hill Education
_c2014
270 _aP-24, Green Park Extn.
_bNew Delhi
_e110016
300 _axxvi,696p.
_c25cm(pbk)
500 _aIncludes index
650 _aNew business enterprises.
650 _a Entrepreneurship.
650 _a Business planning.
650 _aBusiness enterprises
_xFinance.
650 _aSuccess in business.
700 _aHisrich, Robert D.
942 _2ddc
_cEN
_mENT
_h658.421
999 _c88118
_d88118